Football Clubs That Have Participated In The UCL Final - Statistics

General Stats
  • This quiz has been taken 121 times
  • The average score is 26 of 42
Answer Stats
Title(s) Runners-up Football Clubs % Correct
6 5 Bayern Munich
99%
14 3 Real Madrid
99%
7 4 AC Milan
96%
3 2 Manchester United
95%
5 3 Barcelona
93%
1 1 Manchester City
93%
1 1 Borussia Dortmund
92%
2 1 Chelsea
92%
3 3 Inter Milan
92%
6 4 Liverpool
91%
2 7 Juventus
85%
4 2 Ajax
83%
0 1 Arsenal
83%
0 1 Paris Saint-Germain
82%
0 3 Atlético Madrid
78%
2 0 Porto
78%
2 0 Nottingham Forest
77%
2 5 Benfica
76%
0 1 Tottenham Hotspur
75%
1 1 Marseille
73%
1 0 Aston Villa
69%
1 0 PSV Eindhoven
67%
1 1 Celtic
61%
1 1 Hamburger SV
59%
1 0 Feyenoord
57%
1 0 Red Star Belgrade
56%
0 1 Roma
53%
0 2 Valencia
53%
0 1 Monaco
52%
1 1 Steaua Bucuresti
39%
0 1 Bayer Leverkusen
33%
0 2 Reims
31%
0 1 Leeds United
30%
0 1 Borussia Mönchengladbach
29%
0 1 Club Brugge
29%
0 1 Sampdoria
26%
0 1 Eintracht Frankfurt
25%
0 1 Fiorentina
25%
0 1 Malmö FF
23%
0 1 Saint-Étienne
23%
0 1 Panathinaikos
17%
0 1 Partizan
12%
No matching quizzes found
Score Distribution
Percent of People with Each Score
Percentile by Number Answered
Your Score History
You have not taken this quiz